000 00454nam a2200193 a 4500
001 1767590575911
003 ACL
005 20260105105717.0
008 260105s2006##################000#0#eng##
020 _a9781844832958
082 0 4 _a641.774
_bGRA
100 1 _aGraimes, Nicola,
_eauthor.
245 1 0 _aThe Big Book of Wok :
260 _c2006.
300 _a216 pages
650 0 _aCooking, Asian.
942 _cENGLISH
040 _aACL
_beng
_cACL
999 _c607300
_d607300